000 00835cam a2200205 i 4500
005 20260219122126.0
008 250721s2004 ua gr 000 0 ara d
020 _a9775283248
082 1 4 _a414.3
_bف ي و
100 1 _aفيود، بسيوني عبدالفتاح
_eمؤلف.
245 1 0 _aعلم البديع :
_bدراسة تاريخية و فنية لأصول البلاغة و مسائل البديع /
_cالدكتور بسييوني عبد الفتاح فيود.
250 _aالطبعة الثانية.
260 3 1 _aالقاهرة :
_bمؤسسة المختار,
_c2004.
264 3 1 _aالأحساء :
_bدار المعالم الثقافية،
_c2004.
300 _a284 صفحة.
650 1 7 _aاللغة العربية.
650 1 7 _aعلم البديع.
942 _2ddc
_cBK
999 _c93497
_d93497